| 000 | 01050aam a2200409a 44500 | ||
|---|---|---|---|
| 008 | 030313s2003 cat | ||
| 017 | _aB-6582-2003 | ||
| 020 | _a8439359748 | ||
| 041 | _acat | ||
| 041 | _beng | ||
| 041 | _bfre | ||
| 041 | _bspa | ||
| 080 | _a911.2(038) | ||
| 110 |
_aTERMCAT _960609 |
||
| 245 |
_aDiccionari de geografia física _cTERMCAT, Centre de Terminologia |
||
| 260 |
_aBarcelona _bTERMCAT, Centre de Terminologia _c2003 |
||
| 300 |
_a414 p. _bil. _c22 cm |
||
| 500 | _aBibliografia. Índexs | ||
| 500 | _aCategoria gramatical, sinònims, remissions, notes | ||
| 500 | _btermcat | ||
| 520 | _a2.184 | ||
| 546 | _acatalà | ||
| 591 | _aGFISICA | ||
| 592 | _aObra terminològica | ||
| 593 | _aPA | ||
| 594 | _a8020 | ||
| 650 |
_ageografia física _962118 |
||
| 901 | _c<2003> | ||
| 902 | _a030313 | ||
| 942 |
_cMO _n0 _2ddc |
||
| 999 |
_c62117 _d62117 |
||